000 00459cam a2200193ua 4500
020 _c1.50
041 _ahin
_h
082 _a891.54
_bSAR/NA
100 _aSaraswati Amma, K M .
245 0 0 _aNav Ratn /
_cK M Saraswati Amma.
_hTextual Documents
250 _a1 /
_b.
260 _aTiruvalla :
_bSaraswathi Prakshan ,
_c1966.
300 _a110 ; .
365 _a1.50
504 _a
942 _cBK
999 _c8029
_d8029